Understanding spray foam insulation (Record no. 121313)
[ view plain ]
| 000 -LEADER | |
|---|---|
| fixed length control field | 00877nas a22001937a 4500 |
| 007 - PHYSICAL DESCRIPTION FIXED FIELD--GENERAL INFORMATION | |
| fixed length control field | ta |
| 008 - FIXED-LENGTH DATA ELEMENTS--GENERAL INFORMATION | |
| fixed length control field | 230112s2020 xxk||||| |||| 00| 0 eng d |
| 041 ## - LANGUAGE CODE | |
| Language code of text/sound track or separate title | eng |
| 110 ## - MAIN ENTRY--CORPORATE NAME | |
| 9 (RLIN) | 4900 |
| Corporate author | Royal Institution of Chartered Surveyors |
| 245 ## - TITLE STATEMENT | |
| Title | Understanding spray foam insulation |
| Statement of responsibility, etc | [electronic resource] |
| 260 ## - PUBLICATION INFORMATION | |
| Publisher | Royal Institution of Chartered Surveyors, |
| Date | 3 November 2020 |
| 490 ## - SERIES TITLE | |
| Series statement | RICS Built Environment Journal, |
| Volume | 3 November 2020 |
| 520 ## - ABSTRACT | |
| Abstract | With the Green Homes Grant aiming to increase uptake of household insulation, this article looks at concerns about the application of spray foam |
| 650 ## - KEYWORDS | |
| Keywords | Spray Foam |
| 651 ## - SUBJECT ADDED ENTRY--GEOGRAPHIC NAME | |
| Geographic name | United Kingdom |
| 690 ## - LOCAL SUBJECT ADDED ENTRY--TOPICAL TERM (OCLC, RLIN) | |
| 9 (RLIN) | 6223 |
| Topical term or geographic name as entry element | Building materials & defects |
| 700 ## - ADDED PERSONAL NAME | |
| Added personal author | Rushton, Trevor |
| 856 ## - ONLINE RESOURCE | |
| Uniform Resource Identifier | https://ww3.rics.org/uk/en/journals/built-environment-journal/understanding-spray-foam-insulation.html |
| Public note | Available from RICS journals |
| Withdrawn status | Lost status | Damaged status | Not for loan | Home library | Current library | Shelving location | Date acquired | Total Checkouts | Date last seen | Price effective from | Koha item type |
|---|---|---|---|---|---|---|---|---|---|---|---|
| Virtual | Virtual | Online | 12/01/2023 | 12/01/2023 | 12/01/2023 | Journal article |